=LDR 00000nam 2200000 4500 =001 INLIS000000000037314 =005 20201214100328 =035 ##$$a 0010-061300000037314 =008 201214################g##########0#ind## =041 ##$$a Ind =082 ##$$a 332.024 =090 ##$$a 332.024, Bud c =100 1#$$a Budisantoso, Indrasto =245 1#$$a Cara gampang mengelola keuangan pribadi dan keluarga /$c Indrasto Budisantoso =260 ##$$a Jakarta :$b Gramedia pustaka utama,$c 2010 =300 ##$$a 99 hlm., 21 cm ; $c 21x14 cm =650 #4$$a Keuangan Pribadi =850 ##$$a NBPNMAT =020 ##$$a 978-979-22-5238-5 =084 ##$$a 332.024 BUD c =990 ##$$a 21103763 =990 ##$$a 21103762 =990 ##$$a 21103764 =990 ##$$a 21103764 =990 ##$$a 21103763 =990 ##$$a 21103762 =990 ##$$a 21103763 =990 ##$$a 21103762 =990 ##$$a 21103764